000 00575nam a2200193 i 4500
001 58854
003 ES-MaACL
005 20251111063347.0
007 t|
008 031024s1960 sp ||||1| spa d
100 1 _aEchevarría, María Jesús,
_d1932-1963
_946553
245 1 4 _aLas medias palabras /
_cMaría Jesús Echevarría.
250 _a1ª ed.
260 _aBarcelona :
_bGarbo Moderna,
_c[1960]
300 _a271 p. ;
_c22 cm.
500 _aPremio de Novela Elisenda de Moncada 1959.
852 _aES-MaACL
_jC-18687
_bR.46198
999 _c58854
_d58854